[Event "Pan American-ch School U13 12th"]
[Site "Callao"]
[Date "2023.10.19"]
[Round "6"]
[White "Rodriguez Chambi, Fabrizio Santiago"]
[Black "Sozoranga Barahona, Jordy Alexander"]
[Result "0-1"]
[WhiteElo "1222"]
[BlackElo "1512"]
[PlyCount "110"]
[EventDate "2023.10.16"]
[EventType "swiss"]
[EventRounds "9"]
[EventCountry "PER"]
[SourceTitle "CBM 217 Extra"]
[Source "ChessBase"]
[SourceDate "2024.01.31"]
[SourceVersion "1"]
[SourceVersionDate "2024.01.31"]
[SourceQuality "1"]

1. e4 e5 2. Nf3 Nf6 3. d3 Nc6 4. g3 Bc5 5. Bg2 d6 6. Nc3 Bg4 7. Be3 Nd4 8. Bxd4 Bxd4 9. Qd2 Bxf3 10. Bxf3 Qd7 11. h3 c6 12. a3 h6 13. Be2 g5 14. g4 Rg8 15. Rb1 Nh7 16. Na2 Nf8 17. c3 Bb6 18. h4 Ng6 19. h5 Nf4 20. Rh2 0-0-0 21. b4 d5 22. f3 dxe4 23. fxe4 Nxd3+ 24. Bxd3 Qxd3 25. Qxd3 Rxd3 26. Rbb2 Rgd8 27. Rbd2 Re3+ 28. Rhe2 Rg3 29. Rxd8+ Kxd8 30. Rd2+ Ke7 31. Kd1 Rxg4 32. Rh2 Rxe4 33. Re2 Rxe2 34. Kxe2 f5 35. Nc1 Ke6 36. Kf3 e4+ 37. Kg3 a5 38. Ne2 axb4 39. axb4 c5 40. Kg2 Ke5 41. Kf1 c4 42. Kg2 f4 43. Kf1 Be3 44. Ke1 f3 45. Ng3 Kf4 46. Nf1 Bc1 47. Kd1 e3 48. Nh2 e2+ 49. Ke1 Ke3 50. Ng4+ Kd3 51. Ne5+ Ke4 52. Nxc4 g4 53. Nd6+ Kd3 54. Kf2 Be3+ 55. Ke1 f2# 0-1

[Event "Pan American-ch School U13 12th"]
[Site "Callao"]
[Date "2023.10.16"]
[Round "1"]
[White "Sozoranga Barahona, Jordy Alexander"]
[Black "Colque Mendoza, Fabrizio Daniel"]
[Result "1/2-1/2"]
[WhiteElo "1512"]
[BlackElo "1129"]
[PlyCount "96"]
[EventDate "2023.10.16"]
[EventType "swiss"]
[EventRounds "9"]
[EventCountry "PER"]
[SourceTitle "CBM 217 Extra"]
[Source "ChessBase"]
[SourceDate "2024.01.31"]
[SourceVersion "1"]
[SourceVersionDate "2024.01.31"]
[SourceQuality "1"]

1. e4 e5 2. Nf3 Nc6 3. Bc4 Bc5 4. c3 Nf6 5. d3 d6 6. 0-0 0-0 7. a4 a5 8. Be3 Ba7 9. Bxa7 Rxa7 10. Nbd2 Be6 11. Bxe6 fxe6 12. Qb3 Qc8 13. Rfe1 Qd7 14. d4 exd4 15. cxd4 Kh8 16. d5 exd5 17. exd5 Nb4 18. Ne4 Nbxd5 19. Rad1 c6 20. Nc3 Raa8 21. Nxd5 Nxd5 22. Re4 Rf4 23. Rxf4 Nxf4 24. Ne5 Qe6 25. Qxe6 Nxe6 26. Rxd6 Nc5 27. Rd4 Kg8 28. Nd7 Ne6 29. Rd3 Rd8 30. f3 Kf7 31. Kf2 Ke7 32. Ne5 Rxd3 33. Nxd3 Kd6 34. b3 Nc5 35. Nc1 Kd5 36. Ke3 b5 37. axb5 cxb5 38. g3 b4 39. f4 Ne6 40. g4 Nd4 41. Kd3 Nf3 42. h3 Nd4 43. f5 h6 44. Ke3 Nc2+ 45. Kd2 Nd4 46. Kd3 Nf3 47. Ke3 Nd4 48. h4 Nc2+ 1/2-1/2

[Event "South America-ch U10 17th"]
[Site "Guayaquil"]
[Date "2022.01.30"]
[Round "9"]
[White "Sozoranga Barahona, Jordy Alexander"]
[Black "Cajamarca Gordillo, Sebastian Alejandro"]
[Result "1/2-1/2"]
[WhiteElo "1337"]
[BlackElo "1260"]
[PlyCount "47"]
[EventDate "2022.01.25"]
[EventType "swiss"]
[EventRounds "9"]
[EventCountry "ECU"]
[SourceTitle "CBM 206 Extra"]
[Source "ChessBase"]
[SourceDate "2022.03.31"]
[SourceVersion "1"]
[SourceVersionDate "2022.03.31"]
[SourceQuality "1"]

1. e4 c5 2. Nf3 Nc6 3. d4 cxd4 4. Nxd4 g6 5. Nc3 Bg7 6. Be3 Nf6 7. Bc4 0-0 8. h3 Nxe4 9. Nxe4 d5 10. Nxc6 bxc6 11. c3 dxc4 12. 0-0 Bf5 13. Nc5 Rb8 14. g4 Bd3 15. Nxd3 cxd3 16. Qd2 Qd7 17. Rad1 Rfd8 18. b3 Rb7 19. c4 f5 20. gxf5 Qxf5 21. Kh2 Qf3 22. Bf4 Rf8 23. Bg3 Rd7 24. Rde1 1/2-1/2

[Event "ECU-ch Schools U13 Clas2"]
[Site "Chess.com INT"]
[Date "2020.11.20"]
[Round "6"]
[White "Cruz Reyes, Nick Steven"]
[Black "Sozoranga Barahona, Jordy Alexander"]
[Result "0-1"]
[WhiteElo "1220"]
[BlackElo "1315"]
[PlyCount "120"]
[EventDate "2020.11.20"]
[EventType "swiss"]
[EventRounds "9"]
[EventCountry "ECU"]
[SourceTitle "CBM 199 Extra"]
[Source "ChessBase"]
[SourceDate "2021.01.31"]
[SourceVersion "1"]
[SourceVersionDate "2021.01.31"]
[SourceQuality "1"]

1. d4 Nf6 2. Bf4 d5 3. Nf3 Bf5 4. Nbd2 e6 5. e3 c5 6. c3 c4 7. Be2 Nbd7 8. Ne5 Nxe5 9. Bxe5 Bd6 10. Qa4+ Qd7 11. Qxd7+ Kxd7 12. Bxf6 gxf6 13. Bf3 Rhg8 14. e4 dxe4 15. Nxe4 Bxe4 16. Bxe4 f5 17. Bf3 Rab8 18. 0-0 b5 19. Rad1 b4 20. cxb4 Rxb4 21. Rd2 Rgb8 22. Rb1 c3 23. Rc2 cxb2 24. Bc6+ Ke7 25. d5 e5 26. g3 a5 27. Kg2 Rc8 28. Rbxb2 Rcb8 29. Rxb4 Rxb4 30. a3 Rd4 31. a4 Bb4 32. Re2 Kd6 33. Re3 Bd2 34. Rb3 Bb4 35. Rf3 f4 36. gxf4 exf4 37. Rh3 f3+ 38. Rxf3 Rg4+ 39. Kh3 Rg7 40. Rf6+ Kc5 41. Bb7 Bc3 42. Rc6+ Kb4 43. d6 Rg8 44. d7 Rd8 45. Bc8 Be5 46. Rc1 Kxa4 47. Re1 f6 48. f4 Bxf4 49. Re8 Bc7 50. Kg4 Kb5 51. h4 a4 52. Kf5 a3 53. Re3 Bd6 54. Kxf6 a2 55. Re1 Kb4 56. Ke6 Bc7 57. Kd5 Kb3 58. Kc6 Ba5 59. Re3+ Kb2 60. Re2+ Kb1 0-1

[Event "ECU-ch Schools U09 Clas2"]
[Site "Chess.com INT"]
[Date "2020.11.07"]
[Round "5"]
[White "Pacheco Rodriguez, Andres Emir"]
[Black "Sozoranga Barahona, Jordy Alexander"]
[Result "0-1"]
[WhiteElo "1148"]
[BlackElo "1315"]
[PlyCount "80"]
[EventDate "2020.11.07"]
[EventType "swiss"]
[EventRounds "9"]
[EventCountry "ECU"]
[SourceTitle "EXT 2022"]
[Source "ChessBase"]
[SourceDate "2021.10.06"]
[SourceVersion "1"]
[SourceVersionDate "2021.10.06"]
[SourceQuality "1"]

1. e4 e5 2. Nf3 Nf6 3. Nxe5 d6 4. Nf3 Nxe4 5. Bc4 d5 6. Bb3 Nf6 7. 0-0 Be7 8. d4 0-0 9. c3 c6 10. Re1 Bg4 11. Qe2 Re8 12. Bg5 Nbd7 13. Nbd2 h6 14. Bh4 Bh5 15. Qf1 Bd6 16. Bc2 Qc7 17. Bg3 Ng4 18. Bxd6 Qxd6 19. h3 Ngf6 20. Rxe8+ Rxe8 21. Re1 Qf8 22. Rxe8 Qxe8 23. Qe1 Qxe1+ 24. Nxe1 Kf8 25. Kf1 Ke7 26. Nef3 Kd6 27. Bd1 Ne4 28. Ke1 Nxd2 29. Nxd2 Bxd1 30. Kxd1 c5 31. Nf3 f6 32. Ke2 c4 33. Ke3 Nb6 34. Nd2 Na4 35. b3 cxb3 36. axb3 Nxc3 37. Kd3 Nb5 38. Nb1 a5 39. Ke3 g6 40. Kf4 Nxd4 0-1

[Event "ECU-ch Schools U09 Clas1"]
[Site "Chess.com INT"]
[Date "2020.11.05"]
[Round "6"]
[White "Ulloa Centeno, Leandro Nicolas"]
[Black "Sozoranga Barahona, Jordy Alexander"]
[Result "1-0"]
[WhiteElo "1353"]
[BlackElo "1315"]
[PlyCount "87"]
[EventDate "2020.11.05"]
[EventType "swiss"]
[EventRounds "9"]
[EventCountry "ECU"]
[SourceTitle "EXT 2022"]
[Source "ChessBase"]
[SourceDate "2021.10.06"]
[SourceVersion "1"]
[SourceVersionDate "2021.10.06"]
[SourceQuality "1"]

1. f4 e5 2. e4 d6 3. Nf3 Be7 4. Bc4 Nf6 5. d3 Nc6 6. 0-0 0-0 7. Nc3 Be6 8. Bb3 Nd7 9. Qe1 Bxb3 10. axb3 f5 11. fxe5 Ndxe5 12. Nxe5 Nxe5 13. exf5 Bg5 14. Bxg5 Qxg5 15. Nd5 c6 16. Nc7 Qf6 17. Nxa8 Rxa8 18. d4 Nf7 19. c3 Kf8 20. Qe6 a6 21. Qxf6 gxf6 22. g4 Nd8 23. Kf2 Kf7 24. Rfe1 d5 25. Re3 c5 26. dxc5 Nc6 27. Rae1 Ne5 28. h3 Rc8 29. b4 a5 30. Ra1 axb4 31. cxb4 Nc4 32. Rd3 Nxb2 33. Rxd5 Rc7 34. Rd4 b6 35. cxb6 Rc2+ 36. Kg3 Rc3+ 37. Kh4 Rb3 38. Ra7+ Ke8 39. b7 Rxb4 40. Rxb4 Kd7 41. b8Q+ Kc6 42. Qb6+ Kd5 43. Rd4+ Ke5 44. Qd6# 1-0